Redes neuronales: algoritmos, aplicaciones y técnicas de programación
Salvato in:
| Autori principali: | , |
|---|---|
| Natura: | Libro |
| Lingua: | inglese |
| Pubblicazione: |
Wilmington
Addison-Wesley Iberoamericana
1993
|
| Soggetti: | |
| Tags: |
Aggiungi Tag
Nessun Tag, puoi essere il primo ad aggiungerne!!
|
MARC
| LEADER | 00000nam a2200000 a 4500 | ||
|---|---|---|---|
| 001 | UCX9732 | ||
| 003 | CL-VaPUC | ||
| 008 | 940623e19930000US |||||||||||||||||eng|d | ||
| 082 | 0 | 4 | |a 006.3 |b FRE |2 21 |
| 100 | 0 | |a Freeman, James A |e author |9 327206 | |
| 700 | 0 | |a Skapura, David M |e author |9 327207 | |
| 245 | 1 | 0 | |a Redes neuronales: algoritmos, aplicaciones y técnicas de programación |
| 300 | |a 431 p | ||
| 942 | |c BK | ||
| 945 | |d 19940623 00:00:00 |a mfernand | ||
| 260 | |a Wilmington |b Addison-Wesley Iberoamericana |c 1993 | ||
| 650 | 7 | |a REDES NEURALES |2 CL-VaPUC |9 327208 | |
| 650 | 0 | |a Ciencia de la computación |9 260608 | |
| 650 | 0 | |a Algoritmos |9 260639 | |
| 583 | |a last modification |c 19940623 00:00:00 |k Rodrigo Vera | ||
| 999 | |c 228893 |d 228891 | ||
| 952 | |0 0 |1 0 |4 0 |6 006_300000000000000_FRE_1993 |7 0 |8 A |9 229379 |a BIBING |b BIBING |d 2019-11-15 |i 3085600 |o 006.3 FRE 1993 |p 3085600 |r 2025-01-20 |w 2019-11-15 |y BK |k EIE | ||